[Event "Wakefield 4NCL op-B 8th"]
[Site "Wakefield"]
[Date "2016.04.03"]
[Round "5"]
[White "Burke, Mitchell R"]
[Black "Rahman, Yousuf"]
[Result "1-0"]
[WhiteElo "1973"]
[BlackElo "1816"]
[PlyCount "131"]
[EventDate "2016.04.01"]
[EventType "swiss"]
[EventRounds "5"]
[EventCountry "ENG"]
[SourceTitle "CBM 171 Extra"]
[Source "ChessBase"]
[SourceDate "2016.04.26"]
[SourceVersion "1"]
[SourceVersionDate "2016.04.26"]
[SourceQuality "1"]

1. e4 e6 2. Qe2 g6 3. f4 Bg7 4. Nf3 Ne7 5. Nc3 d5 6. d3 c5 7. e5 Nbc6 8. Qf2 b6 9. g3 Nf5 10. Bh3 h5 11. 0-0 Ba6 12. Re1 Qd7 13. Bf1 Ncd4 14. Nxd4 Nxd4 15. Nd1 Nf5 16. c3 d4 17. Bg2 Rd8 18. c4 Bb7 19. Bxb7 Qxb7 20. Qg2 Qxg2+ 21. Kxg2 Kd7 22. Nf2 Bf8 23. Ne4 Be7 24. Bd2 Kc6 25. h3 Rd7 26. a3 Rhd8 27. Rad1 Kc7 28. g4 Ng7 29. b4 Kc6 30. Rb1 Rb7 31. bxc5 bxc5 32. Rxb7 Kxb7 33. Rb1+ Kc6 34. Rb5 Rd7 35. Rb8 Rd8 36. Rb5 Rd7 37. Rb8 Rd8 38. Rxd8 Bxd8 39. Nd6 f5 40. exf6 Bxf6 41. Ne4 Be7 42. Ba5 hxg4 43. hxg4 Ne8 44. Kf3 Nd6 45. Nxd6 Kxd6 46. Ke4 Bf6 47. Be1 Bd8 48. Bg3 Kc6 49. Ke5 Kd7 50. Be1 Bc7+ 51. Kf6 Bxf4 52. Kxg6 e5 53. Kf5 Ke7 54. Ba5 Kf7 55. Bc7 Bc1 56. a4 e4 57. Kxe4 Kg6 58. Kd5 Kg5 59. Kxc5 Be3 60. Be5 Kxg4 61. Bxd4 Bd2 62. Kb5 a5 63. Bb6 Kf4 64. Bxa5 Bc1 65. Bb6 Ke5 66. a5 1-0